| 000 | 00560nam a2200169 a 4500 | ||
|---|---|---|---|
| 001 | 000256044 | ||
| 003 | AM-YeHGA | ||
| 005 | 20250618071723.0 | ||
| 008 | 030822s1932 ai 000 | arm d | ||
| 040 | _aAM-YeHGA | ||
| 100 | 1 |
_aԱտրյան, Վարդան Հովհաննեսի, _d1896-1974 _92190 |
|
| 245 | 1 | 0 |
_aԳրոհում : _bՎեպ / _cՎ. Ատրյան. |
| 260 |
_aԹիֆլիս : _bՊետհրատ : _bՍախելգամի, _c1932. |
||
| 300 |
_a246 էջ : _bդիմանկ. ; _c19 սմ. |
||
| 650 | 1 | 4 |
_aՀայ գրականություն _xՎեպ |
| 090 | _c93533 | ||
| 999 |
_c92234 _d92234 |
||